| 000 | 00771nam a22002177a 4500 | ||
|---|---|---|---|
| 005 | 20081020160921.0 | ||
| 008 | 081020t xxu||||| |||| 00| 0 eng d | ||
| 010 | _aENG-84166 | ||
| 020 | _a8125028684 | ||
| 020 | _c645.00 (hb) | ||
| 035 | _aEN-67699 | ||
| 082 | _a677.0092 | ||
| 100 | _aSwarnalatha, P | ||
| 245 |
_a<The> World of the weaver in Northern Coromandel: _bc1750-c1850 / _cby P Swarnalatha |
||
| 260 |
_aNew Delhi _bOrient Longman |
||
| 260 | _c2005 | ||
| 300 |
_ax,255p _c22cm |
||
| 500 | _aIncludes bibliographical references and index | ||
| 942 |
_2ddc _cEN _h677.0092 _mSWA |
||
| 999 |
_c17128 _d17128 |
||